| 000 | 00633nam a22001697a 4500 | ||
|---|---|---|---|
| 005 | 20251108165324.0 | ||
| 008 | 250721s1994 xx 000 0 ara d | ||
| 082 | 1 | 4 | _a635/حسن |
| 100 | 1 | _aحسن، أحمد عبد المنعم | |
| 245 | 1 | 0 | _aأساسيات إنتاج الخضر في الأراضي الصحراوية / |
| 264 | 1 |
_aالقاهرة : _bالدار العربية للنشر و التوزيع، _c1994. |
|
| 300 | _a285ص | ||
| 490 | 0 | _aسلسلة العلم و الممارسة لإنتاج الخضر في الأراضي الصحراوية | |
| 650 | 1 | 7 | _aالخضروات |
| 942 |
_2ddc _cBK |
||
| 999 |
_c25075 _d25075 |
||